[Event "Xtracon Chess Open 2017"]
[Site "Helsingor DEN"]
[Date "2017.07.27"]
[Round "7.117"]
[White "Justinussen, Sigurd B."]
[Black "Nielsen, Peter"]
[Result "1/2-1/2"]
[WhiteElo "1963"]
[BlackElo "1694"]
[WhiteFideId "7200773"]
[BlackFideId "1707485"]
[EventDate "2017.07.22"]

1. e4 d5 2. exd5 Nf6 3. d4 Nxd5 4. Nf3 g6 5. Be2 Bg7 6. O-O O-O 7. Bg5 Nc6 8. c3
Re8 9. Nbd2 h6 10. Bh4 Bf5 11. Bg3 e5 12. dxe5 Nxe5 13. Nxe5 Bxe5 14. Bxe5 Rxe5
15. Nf3 Re7 16. Nd4 Qd7 17. Bf3 c6 18. Qd2 Kh7 19. Rad1 Rae8 20. c4 Nf6 21. Qf4
Qc7 22. Qc1 Be4 23. Qc3 Qf4 24. g3 Qg5 25. Rfe1 c5 26. Ne2 Qf5 27. Kg2 Bxf3+ 28.
Qxf3 Qxf3+ 29. Kxf3 g5 30. Rd2 1/2-1/2

[Event "Xtracon Chess Open 2017"]
[Site "Helsingor DEN"]
[Date "2017.07.27"]
[Round "7.118"]
[White "Nielsen, Palle"]
[Black "Rasmussen, Lars Garne"]
[Result "0-1"]
[WhiteElo "1715"]
[BlackElo "1961"]
[WhiteFideId "1408526"]
[BlackFideId "1406434"]
[EventDate "2017.07.22"]

1. d4 d5 2. Nf3 Nf6 3. Bf4 c5 4. c3 Nc6 5. e3 Qb6 6. Qb3 c4 7. Qxb6 axb6 8. Nbd2
b5 9. Be2 b4 10. O-O bxc3 11. bxc3 Ra3 12. Rfc1 Bf5 13. Ne1 e6 14. f3 Be7 15. e4
Bg6 16. Bxc4 dxc4 17. Nxc4 Ra7 18. Nd6+ Bxd6 19. Bxd6 Kd7 20. Bc5 Ra6 21. Rcb1
Kc7 22. Nd3 b6 23. Nb4 Nxb4 24. Bxb4 Rha8 25. Rb2 Nd7 26. Kf2 f6 27. Ke3 Re8 28.
a3 Nb8 29. c4 Nc6 30. Bc3 Ra4 31. d5 Rxc4 32. Kd3 exd5 0-1

[Event "Xtracon Chess Open 2017"]
[Site "Helsingor DEN"]
[Date "2017.07.27"]
[Round "7.119"]
[White "Kristiansen, Snorre"]
[Black "Nilssen, Ellen Fredericia"]
[Result "1/2-1/2"]
[WhiteElo "1699"]
[BlackElo "1948"]
[WhiteFideId "1530011"]
[BlackFideId "1441230"]
[EventDate "2017.07.22"]

1. e4 e6 2. d4 d5 3. Nc3 Bb4 4. Qd3 dxe4 5. Qxe4 Nf6 6. Qh4 c6 7. Nf3 Nbd7 8.
Bd2 b6 9. Bd3 Bb7 10. O-O-O Qc7 11. Bf4 Bd6 12. Bxd6 Qxd6 13. Qg5 O-O-O 14. Ne5
Qf8 15. f4 g6 16. Rhe1 Ne8 17. Be4 Nb8 18. Qg3 Nd6 19. Bf3 Nf5 20. Qf2 f6 21.
Nc4 Qb4 22. Be2 Rhe8 23. a3 Qe7 24. g4 Nd6 25. Nxd6+ Qxd6 26. Bc4 Ba6 27. Bxa6+
Nxa6 28. Ne4 Qe7 29. f5 exf5 30. Nc5 Qxe1 31. Rxe1 Rxe1+ 32. Qxe1 bxc5 33. Qe6+
Kc7 34. gxf5 cxd4 35. fxg6 hxg6 36. Qxf6 Rd6 37. Qe7+ Rd7 38. Qe5+ Rd6 39. Qa5+
Kb7 40. Qg5 Nc7 41. h4 Nd5 42. Qe5 Rf6 43. Qxd4 Rf4 44. Qg7+ Kb6 45. b3 Rxh4 46.
Qxg6 Rf4 47. Qd3 Rf7 48. Kb2 Kb7 49. b4 Nb6 50. Qb3 Rf4 51. Qg8 Rd4 52. Kb3 Rd7
53. a4 a6 54. Qe6 Rc7 55. c4 Rg7 56. b5 axb5 57. axb5 cxb5 58. cxb5 Rc7 59. Qe4+
Kb8 60. Qg6 Kb7 61. Qe4+ Kb8 62. Qe5 Nd7 63. Qd6 Kc8 64. Kb4 Rb7 65. Ka5 Ra7+
66. Kb4 Rb7 67. Kc4 Nb6+ 68. Kc5 Nd7+ 69. Kb4 Rc7 70. Qa6+ Kb8 71. Qh6 1/2-1/2

[Event "Xtracon Chess Open 2017"]
[Site "Helsingor DEN"]
[Date "2017.07.27"]
[Round "7.120"]
[White "Tandrup, Michael"]
[Black "Shehzad, Shazil"]
[Result "1/2-1/2"]
[WhiteElo "1946"]
[BlackElo "1678"]
[WhiteFideId "1408356"]
[BlackFideId "1521942"]
[EventDate "2017.07.22"]

1. d4 Nf6 2. Nf3 g6 3. Bf4 Bg7 4. Nc3 d5 5. e3 Nbd7 6. Be2 O-O 7. Ne5 c6 8. h4
Nxe5 9. Bxe5 Nd7 10. Bxg7 Kxg7 11. h5 e5 12. hxg6 fxg6 13. dxe5 Nxe5 14. Qd4 Qf6
15. O-O-O Nd7 16. Qd2 Rf7 17. f4 Nc5 18. g4 b6 19. Rdg1 Kh8 20. g5 Qg7 21. Bg4
Bxg4 22. Rxg4 Kg8 23. Rgh4 Qh8 24. Rh6 Qg7 25. Kb1 Re8 26. b4 Ne4 27. Nxe4 Rxe4
28. Rxh7 Qxh7 29. Rxh7 Kxh7 30. b5 cxb5 31. Qxd5 Rfe7 32. f5 gxf5 33. Qxf5+ Kg8
34. Qg6+ Kh8 35. Qh6+ Kg8 36. Qg6+ Kh8 37. Qh6+ Kg8 38. Qg6+ 1/2-1/2

[Event "Xtracon Chess Open 2017"]
[Site "Helsingor DEN"]
[Date "2017.07.27"]
[Round "7.121"]
[White "van den Brink, Nienke"]
[Black "Easwaralingam, Adesh"]
[Result "1/2-1/2"]
[WhiteElo "1686"]
[BlackElo "1941"]
[WhiteFideId "1452568"]
[BlackFideId "1448552"]
[EventDate "2017.07.22"]

1. Nc3 d5 2. e4 d4 3. Nce2 e5 4. d3 c5 5. f4 Nc6 6. Nf3 Bd6 7. f5 g6 8. fxg6
hxg6 9. Ng3 Be7 10. Be2 Bh4 11. Nxh4 Qxh4 12. Qd2 Be6 13. a3 a5 14. Qg5 Qxg5 15.
Bxg5 f6 16. Bd2 a4 17. h4 Kd7 18. h5 gxh5 19. Rxh5 Nge7 20. O-O-O Rhg8 21. Be1
Rg7 22. Bf3 Rag8 23. Nf5 Rg5 24. Rxg5 Rxg5 25. g4 b5 26. Bd2 Rg8 27. Rh1 b4 28.
Rh7 Rf8 29. Nxe7 Nxe7 30. axb4 c4 31. Bh6 Rf7 32. Rxf7 Bxf7 33. dxc4 Bxc4 34.
Kd2 Nc6 35. Bf8 Ke8 36. Bc5 Kd7 37. Be2 Bxe2 38. Kxe2 Nd8 1/2-1/2

[Event "Xtracon Chess Open 2017"]
[Site "Helsingor DEN"]
[Date "2017.07.27"]
[Round "7.122"]
[White "Bremer, Erik"]
[Black "Gelders, Hanne"]
[Result "1-0"]
[WhiteElo "1488"]
[BlackElo "1206"]
[WhiteFideId "1411578"]
[BlackFideId "249033"]
[EventDate "2017.07.22"]

1. d4 d5 2. c4 c6 3. Nf3 Nf6 4. Nc3 Bf5 5. e3 e6 6. Qb3 Qc7 7. Be2 Nbd7 8. O-O
b6 9. h3 Bd6 10. Bd2 O-O 11. a4 Rab8 12. Rfc1 Rfe8 13. cxd5 exd5 14. Nb5 Qd8 15.
Nxd6 Re6 16. Nxf5 c5 17. Qd1 h6 18. Bc4 dxc4 19. Rxc4 a6 20. Rc2 Ne4 21. Be1
Ndf6 22. dxc5 bxc5 23. Qxd8+ Rxd8 24. Rcc1 Kh7 25. Rd1 Rxd1 26. Rxd1 Rb6 27. Rb1
c4 28. Ba5 Rb8 29. N5d4 c3 30. b4 Nd5 31. Nc2 Rb7 32. b5 axb5 33. Rxb5 Rxb5 34.
axb5 Nd6 35. b6 Nb7 36. e4 Nxa5 37. exd5 Nb7 38. Nfd4 Kg8 39. Nb5 Kf8 40. Nxc3
Ke7 41. Nb5 Kd7 42. Ncd4 g6 43. f3 h5 44. Kf2 f5 45. f4 h4 46. Kf3 Kc8 47. Ke3
Kd7 48. Kd3 Kc8 49. Kc4 Kd7 50. d6 Kc8 51. Kd5 Kd7 52. Ke5 1-0

[Event "Xtracon Chess Open 2017"]
[Site "Helsingor DEN"]
[Date "2017.07.27"]
[Round "7.123"]
[White "Sondergaard, Lars"]
[Black "Smeby, Ole"]
[Result "0-1"]
[WhiteElo "1686"]
[BlackElo "1938"]
[WhiteFideId "1406973"]
[BlackFideId "1503677"]
[EventDate "2017.07.22"]

1. e4 d5 2. exd5 Qxd5 3. Nc3 Qa5 4. d3 c6 5. Bd2 Qc7 6. Nf3 Bg4 7. Be2 e6 8. O-O
Nf6 9. h3 Bxf3 10. Bxf3 Bd6 11. Re1 O-O 12. Ne4 Nxe4 13. Bxe4 Nd7 14. Bc3 e5 15.
Bf5 Nf6 16. Qf3 Nd5 17. Bd2 Ne7 18. h4 Nxf5 19. Qxf5 Rae8 20. Bc3 Re6 21. Re2
Rfe8 22. Rae1 b5 23. b3 b4 24. Ba1 g6 25. Qg5 Qa5 26. h5 Qxa2 27. h6 Qa5 28. f4
f6 29. Qg4 f5 30. Qf3 e4 31. dxe4 Rxe4 32. Bg7 Qd5 33. Rxe4 Rxe4 34. Rxe4 Qxe4
35. Qxe4 fxe4 36. g3 Kf7 37. Kg2 Ke6 38. Bd4 a6 39. Kh3 Kd5 40. Be3 Bf8 41. g4
Bxh6 42. g5 Bg7 43. Kg4 Bd4 44. Bc1 c5 45. Kg3 a5 0-1

[Event "Xtracon Chess Open 2017"]
[Site "Helsingor DEN"]
[Date "2017.07.27"]
[Round "7.124"]
[White "Dahl, Max"]
[Black "Basson, Heinrich"]
[Result "0-1"]
[WhiteElo "1660"]
[BlackElo "1937"]
[WhiteFideId "1526626"]
[BlackFideId "14301440"]
[EventDate "2017.07.22"]

1. e4 d5 2. exd5 Qxd5 3. Nc3 Qa5 4. d4 Nf6 5. Nf3 Bf5 6. Bd3 Bxd3 7. Qxd3 c6 8.
O-O e6 9. Bf4 Qd8 10. Rad1 Bd6 11. Bxd6 Qxd6 12. Ne5 Nbd7 13. Ne4 Nxe4 14. Qxe4
Nf6 15. Qf3 O-O 16. Rfe1 Rad8 17. c3 Qc7 18. a3 Qb6 19. Qe2 Rd5 20. g3 Rfd8 21.
b4 Qc7 22. f4 h6 23. Rf1 b6 24. a4 a5 25. bxa5 Rxa5 26. g4 Nd5 27. Qf3 f6 28.
Ng6 Qf7 29. f5 Rxa4 30. Rfe1 Re8 31. Qg3 Ra3 32. Rd3 exf5 33. Rxe8+ Qxe8 34.
gxf5 Ra1+ 35. Kg2 Re1 36. Rf3 b5 37. h4 Qe2+ 38. Kh3 Qe8 39. h5 Rh1+ 40. Kg4
Qe4+ 41. Nf4 Re1 42. Qf2 Nxf4 43. Rxf4 Qh1 44. Rf3 Rg1+ 45. Rg3 Qe4+ 46. Qf4
Qxf4+ 47. Kxf4 Rxg3 48. Kxg3 Kf7 49. Kf4 Ke7 50. Kf3 Kd6 51. Ke4 c5 52. Ke3 Kd5
53. dxc5 Kxc5 54. Kd2 Kd5 55. Kd3 Ke5 56. Ke3 Kxf5 57. Kd4 Kg5 58. Kc5 f5 59.
Kxb5 f4 60. c4 f3 0-1

[Event "Xtracon Chess Open 2017"]
[Site "Helsingor DEN"]
[Date "2017.07.27"]
[Round "7.125"]
[White "Degerfeldt, Sven"]
[Black "Skjolingstad, Sverre"]
[Result "1-0"]
[WhiteElo "1935"]
[BlackElo "1644"]
[WhiteFideId "1717430"]
[BlackFideId "1519913"]
[EventDate "2017.07.22"]

1. d4 Nf6 2. c4 c5 3. d5 b5 4. Qc2 bxc4 5. e4 d6 6. Bxc4 g6 7. Ne2 Bg7 8. Nd2
Nbd7 9. O-O O-O 10. Rb1 Ne5 11. b3 Rb8 12. Bb2 Nfd7 13. f4 Nxc4 14. bxc4 Rxb2
15. Rxb2 Bxb2 16. Qxb2 Qa5 17. Qc3 Qa4 18. e5 Nb6 19. Qb3 Bf5 20. Ng3 Qxb3 21.
axb3 Bc2 22. Ra1 Ra8 23. exd6 exd6 24. Nge4 Re8 25. Nf6+ 1-0

[Event "Xtracon Chess Open 2017"]
[Site "Helsingor DEN"]
[Date "2017.07.27"]
[Round "7.126"]
[White "Loveid, Erik"]
[Black "Rosell, Sven"]
[Result "0-1"]
[WhiteElo "1640"]
[BlackElo "1930"]
[WhiteFideId "1520067"]
[BlackFideId "1707760"]
[EventDate "2017.07.22"]

1. d4 Nf6 2. Bg5 c5 3. c3 Qb6 4. Qb3 Qxb3 5. axb3 cxd4 6. cxd4 Nc6 7. Nf3 d6 8.
e3 Ne4 9. Nc3 Nxg5 10. Nxg5 h6 11. Nf3 Bg4 12. Bb5 Bd7 13. Nd5 Rc8 14. O-O e6
15. Nc3 a6 16. Be2 Be7 17. Nd2 d5 18. Rac1 Bb4 19. Rc2 O-O 20. Rfc1 b5 21. g3
Be7 22. Na2 Bf6 23. Bf3 Rfd8 24. Kf1 Be7 25. Be2 g6 26. Bd3 Kg7 27. f4 f6 28.
Ke2 Bd6 29. Kd1 Re8 30. Ra1 e5 31. dxe5 fxe5 32. e4 exf4 33. gxf4 Bg4+ 34. Kc1
Bxf4 35. Kb1 Nd4 36. Rxc8 Rxc8 37. Nc3 Bxd2 38. Rxa6 Bxc3 39. bxc3 Rxc3 40. Ra7+
Kf6 41. e5+ Kxe5 42. Bxg6 Bf5+ 43. Bxf5 Nxf5 44. Kb2 Rh3 0-1

[Event "Xtracon Chess Open 2017"]
[Site "Helsingor DEN"]
[Date "2017.07.27"]
[Round "7.127"]
[White "Rasmussen, Morten Fredsgaard2"]
[Black "Shehzad, Alisha"]
[Result "0-1"]
[WhiteElo "1922"]
[BlackElo "1573"]
[WhiteFideId "1410636"]
[BlackFideId "1521926"]
[EventDate "2017.07.22"]

1. d4 d5 2. c4 c6 3. Nf3 Nf6 4. e3 e6 5. b3 Nbd7 6. Bb2 Be7 7. Bd3 dxc4 8. bxc4
b6 9. O-O Bb7 10. e4 O-O 11. Nbd2 h6 12. Re1 a6 13. a4 Rb8 14. Qe2 Re8 15. Ba3
Bxa3 16. Rxa3 c5 17. d5 exd5 18. cxd5 Nxd5 19. Bxa6 Bxa6 20. Qxa6 Nb4 21. Qc4
Qf6 22. Nf1 Rbd8 23. Ne3 Ne5 24. Nxe5 Qxe5 25. Nf5 Qxf5 0-1

[Event "Xtracon Chess Open 2017"]
[Site "Helsingor DEN"]
[Date "2017.07.27"]
[Round "7.128"]
[White "Henriksen, Morgan"]
[Black "Mansoor, Afras"]
[Result "1/2-1/2"]
[WhiteElo "1632"]
[BlackElo "1917"]
[WhiteFideId "1510495"]
[BlackFideId "1522108"]
[EventDate "2017.07.22"]

1. d4 Nf6 2. c4 e6 3. Nc3 Bb4 4. e3 O-O 5. Bd3 Bxc3+ 6. bxc3 d6 7. Nf3 c5 8. O-O
Nc6 9. Ba3 e5 10. Qc2 Qe7 11. Nd2 cxd4 12. cxd4 exd4 13. Rae1 Qc7 14. Ne4 Nxe4
15. Bxe4 h6 16. exd4 Qa5 17. Bb2 Qc7 18. Re3 Ne7 19. f4 d5 20. Bd3 dxc4 21. Bxc4
Nf5 22. Rc3 Qb6 23. Rb3 Qc7 24. Rc3 Qb6 25. Rb3 Qc7 26. Rc3 Qb6 1/2-1/2

[Event "Xtracon Chess Open 2017"]
[Site "Helsingor DEN"]
[Date "2017.07.27"]
[Round "7.129"]
[White "Larsen, Hans Haagen"]
[Black "Bex, Lennert"]
[Result "1-0"]
[WhiteElo "1627"]
[BlackElo "1900"]
[WhiteFideId "1409557"]
[BlackFideId "232254"]
[EventDate "2017.07.22"]

1. e4 d6 2. d4 Nf6 3. Nc3 g6 4. f4 Bg7 5. Nf3 O-O 6. Bd3 c5 7. dxc5 dxc5 8. O-O
Nc6 9. Be3 b6 10. Qe2 Ng4 11. Bd2 e5 12. h3 Nf6 13. Rad1 exf4 14. Bxf4 Nh5 15.
Bh2 Nd4 16. Qf2 f5 17. Bc4+ Kh8 18. Nb5 fxe4 19. Nbxd4 cxd4 20. Ne5 Rxf2 21.
Rxf2 Qc7 22. Nf7+ Qxf7 23. Rxf7 d3 24. cxd3 exd3 25. Bd5 Bb7 26. Rxb7 Bd4+ 27.
Kh1 Re8 28. Rb8 1-0

[Event "Xtracon Chess Open 2017"]
[Site "Helsingor DEN"]
[Date "2017.07.27"]
[Round "7.130"]
[White "Kvamme, Ingrid Jodre"]
[Black "Moller, Arne Vang"]
[Result "1/2-1/2"]
[WhiteElo "1512"]
[BlackElo "1890"]
[WhiteFideId "1516981"]
[BlackFideId "1406175"]
[EventDate "2017.07.22"]

1. Nf3 Nf6 2. g3 g6 3. Bg2 Bg7 4. O-O d5 5. c4 O-O 6. cxd5 Nxd5 7. Nc3 c6 8. d4
Nd7 9. e4 Nxc3 10. bxc3 e5 11. Rb1 Re8 12. Re1 Qa5 13. Qd2 exd4 14. cxd4 Qxd2
15. Bxd2 Nb6 16. Bf4 Be6 17. a3 Bf8 18. a4 f5 19. Ng5 h6 20. Nxe6 Rxe6 21. a5 g5
22. Be5 Nc4 23. exf5 Ree8 24. Rxb7 Nxa5 25. Rc7 Bd6 26. Rd7 Nc4 27. Rxd6 Nxd6
28. Bxc6 Nxf5 29. Bxa8 Rxa8 30. Rd1 Kf7 31. d5 Rd8 1/2-1/2

[Event "Xtracon Chess Open 2017"]
[Site "Helsingor DEN"]
[Date "2017.07.27"]
[Round "7.132"]
[White "Nielsen, Kai Gylling"]
[Black "Lahlum, Hans Olav"]
[Result "0-1"]
[WhiteElo "1808"]
[BlackElo "2131"]
[WhiteFideId "1406400"]
[BlackFideId "1501348"]
[EventDate "2017.07.22"]

1. Nf3 d5 2. d4 e6 3. Bf4 Nf6 4. h3 c5 5. e3 Qb6 6. b3 Nc6 7. Ne5 cxd4 8. Nxc6
bxc6 9. exd4 c5 10. Be5 Ne4 11. Bd3 f6 12. Bh2 cxd4 13. O-O Be7 14. Qe2 O-O 15.
Bxe4 dxe4 16. Qxe4 Bb7 17. Qg4 e5 18. Nd2 Qc6 19. Nc4 Ba6 20. c3 Bxc4 21. bxc4
dxc3 22. Rac1 Bb4 23. f4 Qc5+ 24. Kh1 Qxc4 25. fxe5 Qxg4 26. hxg4 fxe5 27. Rxf8+
Kxf8 28. Bxe5 Rc8 29. Rc2 g6 30. g5 Ke7 31. Kg1 Ke6 32. Bf6 Kd5 33. Kf2 Kc4 34.
Ke2 Re8+ 35. Kd1 Kd3 36. Rf2 c2+ 0-1

[Event "Xtracon Chess Open 2017"]
[Site "Helsingor DEN"]
[Date "2017.07.27"]
[Round "7.133"]
[White "Andersen, Soren Mikkel"]
[Black "Sebastian, Andreas"]
[Result "1-0"]
[WhiteElo "2123"]
[BlackElo "1800"]
[WhiteFideId "1411918"]
[BlackFideId "1529498"]
[EventDate "2017.07.22"]

1. d4 Nf6 2. c4 e6 3. Nc3 Bb4 4. Qc2 O-O 5. a3 Bxc3+ 6. Qxc3 d5 7. Bg5 dxc4 8.
Qxc4 b6 9. e3 Ba6 10. Qc2 Bxf1 11. Kxf1 Qd5 12. Bxf6 gxf6 13. Ne2 Nd7 14. Nc3
Qh5 15. Qe2 Qg6 16. h4 Kh8 17. h5 Qg5 18. f4 Qf5 19. g4 1-0

[Event "Xtracon Chess Open 2017"]
[Site "Helsingor DEN"]
[Date "2017.07.27"]
[Round "7.134"]
[White "Erikstad, Olav"]
[Black "Madsen, Michael B."]
[Result "0-1"]
[WhiteElo "1781"]
[BlackElo "2092"]
[WhiteFideId "1504983"]
[BlackFideId "1413031"]
[EventDate "2017.07.22"]

1. e4 c5 2. Nf3 d6 3. c3 Nf6 4. Be2 Nc6 5. d4 cxd4 6. cxd4 Nxe4 7. d5 Qa5+ 8.
Nc3 Nxc3 9. bxc3 Nb8 10. O-O Nd7 11. Qd4 Qc5 12. Qd3 Nf6 13. Rd1 g6 14. Be3 Qc7
15. Rab1 Bg7 16. Qb5+ Nd7 17. Nd4 O-O 18. Bg4 b6 19. Nc6 Ne5 20. Bxc8 Rfxc8 21.
Nxe5 Bxe5 22. Rbc1 Qc4 23. Qd7 Rc7 24. Qh3 Rac8 25. Qh6 Bg7 26. Qg5 Bf6 27. Qg3
Qxa2 28. Bd4 Bxd4 29. Rxd4 Rxc3 0-1

[Event "Xtracon Chess Open 2017"]
[Site "Helsingor DEN"]
[Date "2017.07.27"]
[Round "7.135"]
[White "Rishovd, Svein"]
[Black "Nordin, Eric"]
[Result "1-0"]
[WhiteElo "2092"]
[BlackElo "1781"]
[WhiteFideId "1513060"]
[BlackFideId "1711822"]
[EventDate "2017.07.22"]

1. d4 d6 2. c4 g6 3. Nf3 Bg7 4. Nc3 Nd7 5. e4 e5 6. Be2 Ne7 7. h4 f5 8. Ng5 Nb6
9. c5 exd4 10. Nb5 dxc5 11. Bf4 fxe4 12. Nxc7+ Kd7 13. Nf7 Qf8 14. Qb3 c4 15.
Qb5+ Nc6 16. Bg4+ Ke7 17. Bd6+ Kxf7 18. Bxf8 Rxf8 19. Nxa8 Bxg4 20. Nxb6 axb6
21. Qd5+ Be6 22. Qxe4 Re8 23. O-O Bf5 24. Qd5+ Be6 25. Qb5 d3 26. Rad1 Rd8 27.
Rfe1 d2 28. Rxe6 Kxe6 29. Qxc4+ Ke7 30. Qe2+ 1-0

[Event "Xtracon Chess Open 2017"]
[Site "Helsingor DEN"]
[Date "2017.07.27"]
[Round "7.136"]
[White "Rasmussen, Henning2"]
[Black "Stray, Gunnar"]
[Result "0-1"]
[WhiteElo "1770"]
[BlackElo "2078"]
[WhiteFideId "1410962"]
[BlackFideId "1501631"]
[EventDate "2017.07.22"]

1. f4 d5 2. Nf3 c5 3. g3 Nc6 4. Bg2 h5 5. d3 Nf6 6. O-O Bg4 7. h3 Bf5 8. Nh4 g6
9. Nc3 d4 10. Ne4 e6 11. Nxf6+ Qxf6 12. e4 dxe3 13. Bxe3 Rd8 14. Nxf5 gxf5 15.
Kh2 Qg6 16. Qf3 Be7 17. Qf2 h4 18. Bxc6+ bxc6 19. Qg2 Qxg3+ 20. Qxg3 hxg3+ 21.
Kxg3 Bd6 22. Kh2 f6 23. c3 Rd7 24. Rf3 Rdh7 25. Rh1 e5 26. Kg2 e4 27. dxe4 fxe4
28. Rg3 Ke7 29. Re1 f5 30. Rd1 Rh6 31. Rg7+ Ke6 32. Rg3 Be7 33. Rh1 a5 34. b3 a4
35. Bd2 axb3 36. axb3 Ra8 37. Rd1 Ra2 38. Kf1 Bh4 39. Re3 Rg6 40. Re2 Rg3 41.
Rh2 Kf7 42. Rh1 Rf3+ 43. Kg1 Bf2+ 44. Kf1 Be3+ 45. Ke1 Rf2 0-1

[Event "Xtracon Chess Open 2017"]
[Site "Helsingor DEN"]
[Date "2017.07.27"]
[Round "7.137"]
[White "Merkesvik, Amalie Isabel"]
[Black "Quinn, David"]
[Result "0-1"]
[WhiteElo "1754"]
[BlackElo "2001"]
[WhiteFideId "1514369"]
[BlackFideId "2401452"]
[EventDate "2017.07.22"]

1. e4 e5 2. Nf3 Nc6 3. Bc4 Nf6 4. d3 h6 5. O-O d6 6. c3 Qe7 7. Re1 g6 8. a4 Bg7
9. Nbd2 O-O 10. Nf1 Be6 11. Ne3 Bxc4 12. Nxc4 Rfe8 13. a5 a6 14. Qb3 Qd7 15. Ne3
Rab8 16. Nd5 Nxd5 17. Qxd5 Kh7 18. Bd2 Re7 19. Re2 Rf8 20. b4 Nd8 21. Rae1 c6
22. Qb3 Ne6 23. Qc2 Qe8 24. Be3 f5 25. exf5 gxf5 26. d4 e4 27. Nd2 d5 28. f3 Kh8
29. fxe4 dxe4 30. Nb3 Qh5 31. g3 Nc7 32. c4 Ne6 33. d5 cxd5 34. cxd5 Rc7 35. Bc5
Ng5 36. Nd4 Rfc8 37. Kh1 Rxc5 38. bxc5 Bxd4 39. Qd1 Bxc5 40. Qa1+ Kh7 41. Qc3
Rc7 42. g4 Qxg4 43. Rg2 Qf3 44. Qe5 Re7 45. Qb8 Rg7 46. Qe5 Qxg2+ 0-1

[Event "Xtracon Chess Open 2017"]
[Site "Helsingor DEN"]
[Date "2017.07.27"]
[Round "7.138"]
[White "Svanholm, Borge Waaktaar"]
[Black "Dittrich, Tom"]
[Result "1/2-1/2"]
[WhiteElo "1761"]
[BlackElo "1943"]
[WhiteFideId "1504835"]
[BlackFideId "12923532"]
[EventDate "2017.07.22"]

1. c4 Nf6 2. Nc3 g6 3. Nf3 Bg7 4. d4 O-O 5. g3 d6 6. Bg2 Nc6 7. O-O a6 8. h3 Rb8
9. e4 b5 10. cxb5 axb5 11. e5 dxe5 12. dxe5 Qxd1 13. Rxd1 Nd7 14. e6 fxe6 15.
Bf4 Nde5 16. Nxe5 Nxe5 17. Rac1 Bb7 18. Bxb7 Rxb7 19. b3 g5 20. Be3 g4 21. hxg4
Nxg4 22. Bc5 Be5 23. Ne4 Bd6 24. Rd2 Ne5 25. Kg2 Nf3 26. Re2 e5 27. Be3 Nd4 28.
Rd2 Bb4 29. Rdd1 Ra8 30. Bxd4 exd4 31. Rxd4 Bd6 1/2-1/2

[Event "Xtracon Chess Open 2017"]
[Site "Helsingor DEN"]
[Date "2017.07.27"]
[Round "7.139"]
[White "Hojgaard, Brandur"]
[Black "Bjornes, Leif"]
[Result "1/2-1/2"]
[WhiteElo "1747"]
[BlackElo "1934"]
[WhiteFideId "7201478"]
[BlackFideId "1507397"]
[EventDate "2017.07.22"]

1. d4 d5 2. Nf3 Nf6 3. Bf4 e6 4. e3 c5 5. c3 Nc6 6. Nbd2 cxd4 7. exd4 Bd6 8. Bg3
O-O 9. Bd3 Re8 10. O-O e5 11. dxe5 Nxe5 12. Nxe5 Bxe5 13. Qc2 Bg4 14. Nb3 Bxg3
15. hxg3 Bh5 16. Nd4 Bg6 17. Bxg6 hxg6 1/2-1/2

[Event "Xtracon Chess Open 2017"]
[Site "Helsingor DEN"]
[Date "2017.07.27"]
[Round "7.140"]
[White "Christophersen, David"]
[Black "Ukkelberg, Oyvind"]
[Result "0-1"]
[WhiteElo "1741"]
[BlackElo "1933"]
[WhiteFideId "1413619"]
[BlackFideId "1507893"]
[EventDate "2017.07.22"]

1. c4 c5 2. g3 Nf6 3. Bg2 d5 4. cxd5 Nxd5 5. Nc3 Nc7 6. Nf3 Nc6 7. O-O e5 8. d3
Be7 9. Be3 O-O 10. Rc1 Be6 11. Nd2 Qd7 12. f4 Bh3 13. Nce4 Bxg2 14. Kxg2 b6 15.
f5 Nd5 16. Bg1 Nd4 17. Nc4 Nxf5 18. Qd2 f6 19. Nxc5 Bxc5 20. Bxc5 bxc5 21. e4
Nd4 22. exd5 Qxd5+ 23. Kh3 Nf3 24. Qe3 Ng5+ 25. Kh4 Qg2 26. Rxf6 Qh3+ 27. Kxg5
gxf6# 0-1

[Event "Xtracon Chess Open 2017"]
[Site "Helsingor DEN"]
[Date "2017.07.27"]
[Round "7.141"]
[White "Winther, Bjarke Rosenborg"]
[Black "Meyer, Juergen"]
[Result "1/2-1/2"]
[WhiteElo "1741"]
[BlackElo "1928"]
[WhiteFideId "1447173"]
[BlackFideId "24661759"]
[EventDate "2017.07.22"]

1. e4 e6 2. d4 d5 3. e5 c5 4. c3 Qb6 5. Nf3 Bd7 6. Be2 cxd4 7. cxd4 Bb5 8. Nc3
Bxe2 9. Nxe2 Ne7 10. Rb1 Nec6 11. O-O a5 12. Be3 Nd7 13. a3 h6 14. h4 Qa6 15.
Nf4 b5 16. g4 a4 17. g5 hxg5 18. hxg5 g6 19. Qc2 Ne7 20. Rfc1 Nb6 21. Nh2 Nc4
22. Ng4 Bg7 23. Kg2 Nf5 24. Rh1 Kd7 25. Rh3 Rxh3 26. Nxh3 Rh8 27. Qc3 Qa5 28. b4
Qa8 29. Rh1 Bxe5 30. Nxe5+ Nxe5 31. Qc5 Ng4 32. Qxb5+ Qc6 33. Qxc6+ Kxc6 34.
Rc1+ Kb7 35. Bf4 Rc8 36. Rc5 Rxc5 37. dxc5 e5 38. Bg3 e4 39. Nf4 Kc6 40. Ne2 d4
41. Kh3 Nxg3 42. Nxd4+ Kd5 43. Kxg3 Ne5 44. c6 Kd6 45. b5 Nc4 46. Kf4 Nxa3 47.
Kxe4 Nc4 48. Kd3 Kc5 49. b6 Nxb6 1/2-1/2

[Event "Xtracon Chess Open 2017"]
[Site "Helsingor DEN"]
[Date "2017.07.27"]
[Round "7.142"]
[White "Horslund, Mikael"]
[Black "Rasmussen, Henrik Egede"]
[Result "0-1"]
[WhiteElo "1726"]
[BlackElo "1926"]
[WhiteFideId "1421042"]
[BlackFideId "1417800"]
[EventDate "2017.07.22"]

1. Nf3 Nf6 2. g3 g6 3. Bg2 Bg7 4. O-O O-O 5. a4 c5 6. d3 Nc6 7. e4 d6 8. c3 Bg4
9. h3 Bd7 10. Na3 Qc8 11. Kh2 Rb8 12. Be3 a6 13. Qe2 b5 14. axb5 axb5 15. Nd2
Ne8 16. Nc2 b4 17. d4 b3 18. Na3 cxd4 19. cxd4 Nxd4 20. Qd3 Nc6 21. Rfc1 Bxb2 0-1